Ο Δον Κιχώτης

Saved in:
Bibliographic Details
Main Author: Cervantes Saavedra, Miguel de 1547-1616
Format: Book
Language:Greek
Spanish
Published: Αθήνα : Εστία, 2002.
Subjects:
Tags: Add Tag
No Tags, Be the first to tag this record!

MARC

LEADER 00000cam a2200000 i 4500
001 1/70073
008 050302s2002 gr | ||| |||| ||gre||
020 |a 9600504040 (τόμ. 2) 
020 |a 9600504032 (τόμ. 1) 
035 |l 10076116 
040 |a GR-MyUA  |b gre  |e AACR2 
041 1 |a gre  |h spa 
082 0 |a 863  |2 (21) 
100 1 |a Cervantes Saavedra, Miguel de  |d 1547-1616. 
245 1 2 |a Ο Δον Κιχώτης /   |c Μιχ. Θερβάντες ; Μετάφραση και πρόλογος Κ. Καρθαίου.  
260 |a Αθήνα :   |b Εστία,   |c 2002.  
300 |a 2 τ. ;   |c 21 εκ.  
500 |a Ο τομ. 2 στη σελίδα τίτλου γράφει: μετάφραση και πρόλογος Κ. Καρθαίου και Ιουλ. Ιατρίδη 
500 |a Τίτλος πρωτοτύπου: Aventuras del ingenioso hidalgo Don Quijote de la Mancha.  
650 0 0 |a Spanish fiction  |y 16th century. 
852 |a INST  |b SYROS  |e 20050302  |h 863 CER  |p 005500005428  |q 005500005428  |t BK  |y 0  |z τ.2 
852 |a INST  |b SYROS  |e 20050302  |h 863 CER  |p 005500005429  |q 005500005429  |t BK  |y 0  |z τ.1 
852 |a INST  |b SYROS  |e 20050302  |h 863 CER  |p 005500005428  |q 005500005428  |t BK  |v τ.2:  |y 0  |z τ.2 
852 |a INST  |b SYROS  |e 20050302  |h 863 CER  |p 005500005429  |q 005500005429  |t BK  |v τ.1:  |y 0  |z τ.1 
853 |a INST  |b SYROS  |h 863 CER 
901 |a BIBL5-2005-1 
909 |a Ε  |b 116926 
909 |a Ε  |b 116927 
922 |a 5ΕΛΗ  |b 200411  |c 188  |d ΠΛΑΣΤΙΓΓΑ 
950 |a 188-2004-11-03 
970 |a ΤΣΟΥΚΑΛΑ  |b ΑΛΙΚΗ  |z 2005/03/30